Sports Quiz

Random Sports or MLB Quiz
Score 0/28 Timer 01:30
15 Plays Today
% Correct
Aaron Rodgers
94%
Alexander Ovechkin
88.5%
Allen Iverson
88.4%
Kevin Durant
86.9%
Adrian Peterson
86.6%
LeBron James
86.3%
Peyton Manning
86.2%
Tom Brady
86.1%
Cam Newton
85.4%
Stephen Curry
84.2%
Kevin Garnett
82.9%
Evgeni Malkin
82.1%
Tim Duncan
81.6%
Steve Nash
81.2%
% Correct
Sidney Crosby
80.5%
Justin Verlander
79.5%
Andrew McCutchen
78.2%
Marshall Faulk
75.7%
Joe Mauer
75%
Martin St. Louis
74%
Josh Hamilton
73.9%
Ryan Howard
72.3%
Josh Donaldson
71.5%
Jeff Kent
71%
José Théodore
70.8%
Carey Price
69.9%
Corey Perry
69.3%
Rich Gannon
67%
Remove Ads.
Support Sporcle.
Get the best of Sporcle when you Go Orange. This ad-free experience offers more features, more stats, and more fun while also helping to support Sporcle. Thank you for becoming a member.

You're not logged in!

Compare scores with friends on all Sporcle quizzes.
OR
Log In

Show Comments

Extras

Top Quizzes Today


Score Distribution

Your Account Isn't Verified!

In order to create a playlist on Sporcle, you need to verify the email address you used during registration. Go to your Sporcle Settings to finish the process.

Report this User

Report this user for behavior that violates our Community Guidelines.

Details: